000 01019cam a2200313 i 4500
001 19991289
003 EG-ScBUE
005 20250224105250.0
008 170914t2018 mnua f bf 001 0 eng d
020 _a9781589239432
040 _aDLC
_beng
_erda
_cDLC
_dDLC
_dEG-ScBUE
082 0 4 _a668.12
_222
_bFIS
100 1 _aFisher, David,
_eauthor.
245 1 4 _aThe complete photo guide to soap making /
_cDavid Fisher.
264 1 _aMinneapolis, MN :
_bCreative Publishing International,
_c2018.
264 4 _c©2018
300 _a176 pages :
_bcolor illustrations ;
_c28 cm
336 _atext
_btxt
_2rdacontent
336 _astill image
_bsti
_2rdacontent
337 _aunmediated
_bn
_2rdamedia
338 _avolume
_bnc
_2rdacarrier
504 _aIncludes bibliographical references and index.
650 7 _aSoap
_vHandbooks, manuals, etc.
_2BUEsh
653 _cFebruary2025
_bPPhrm
655 _vReading book
906 _a7
_bcbc
_corignew
_d1
_eecip
_f20
_gy-gencatlg
942 _2ddc
_cBB
999 _c30924
_d30895